Business and maritime west africa (Record no. 38109)

MARC details
000 -LEADER
fixed length control field 00452nam a2200145Ia 4500
022 ## - INTERNATIONAL STANDARD SERIAL NUMBER
ISSN 15956962
050 ## - CALL MARK
Classification number HF 3920 .M37/
245 #0 - TITLE STATEMENT
Title Business and maritime west africa
260 ## - PUBLICATION, DISTRIBUTION, ETC. (IMPRINT)
Year of publication 2015
300 ## - PHYSICAL DESCRIPTION
Number of Pages 43 p. :ill. ; 29 cm.l
650 ## - SUBJECT ADDED ENTRY--TOPICAL TERM
Topical Term Shipping--Africa, West--Periodicals. Harbors--Africa, West--Periodicals. Africa, West--Commerce--Periodicals.
942 ## - ADDED ENTRY ELEMENTS (KOHA)
Koha item type Serials

No items available.